[Event "Mittelfranken-chTB1 1819"]
[Site "Mittelfranken"]
[Date "2019.03.17"]
[Round "7.7"]
[White "Roth, Christoph"]
[Black "Ter Akopyan, Bagrat"]
[Result "0-1"]
[WhiteElo "1726"]
[BlackElo "1989"]
[PlyCount "106"]
[EventDate "2018.10.14"]
[EventType "team-tourn"]
[EventRounds "9"]
[EventCountry "GER"]
[SourceTitle "EXT 2022"]
[Source "ChessBase"]
[SourceDate "2021.10.06"]
[SourceVersion "1"]
[SourceVersionDate "2021.10.06"]
[SourceQuality "1"]
[WhiteTeam "Erlangen Siemens"]
[BlackTeam "Herzogenaurach II"]
[WhiteTeamCountry "GER"]
[BlackTeamCountry "GER"]

1. Nf3 g6 2. d4 Bg7 3. c4 Nf6 4. Nc3 0-0 5. e4 d6 6. Be2 Nbd7 7. 0-0 e5 8. dxe5 dxe5 9. Bg5 c6 10. Qc2 Qc7 11. h3 a5 12. Na4 b6 13. Bxf6 Bxf6 14. b3 Ba6 15. Rac1 Rac8 16. Rfd1 Bg7 17. Rxd7 Qxd7 18. Nxb6 Qe7 19. Nxc8 Bxc8 20. c5 Rd8 21. Qc3 Qc7 22. Bc4 h6 23. a3 Kh8 24. Qe1 f5 25. exf5 gxf5 26. Rd1 e4 27. Rxd8+ Qxd8 28. Nh2 Kh7 29. Nf1 Bb2 30. a4 Ba3 31. Qc3 Bxc5 32. Bg8+ Kxg8 33. Qxc5 Qd5 34. Qe3 Kh7 35. Qb6 Be6 36. b4 axb4 37. Qxb4 c5 38. Qb2 Qd1 39. Qb7+ Kg6 40. Qb6 Kf7 41. Qb7+ Kg8 42. Qb8+ Kf7 43. Qb7+ Kf6 44. Qb2+ Qd4 45. Qb6 f4 46. Qb8 e3 47. fxe3 fxe3 48. Qh8+ Ke7 49. Qxd4 cxd4 50. Ng3 d3 51. Kf1 d2 52. Ke2 Bc4+ 53. Kd1 Bb3+ 0-1

[Event "Mittelfranken-chTB1 1819"]
[Site "Mittelfranken"]
[Date "2018.11.04"]
[Round "2.8"]
[White "Roth, Christoph"]
[Black "Herbst, Thomas"]
[Result "1/2-1/2"]
[WhiteElo "1726"]
[BlackElo "1789"]
[PlyCount "51"]
[EventDate "2018.10.14"]
[EventType "team-tourn"]
[EventRounds "9"]
[EventCountry "GER"]
[SourceTitle "EXT 2022"]
[Source "ChessBase"]
[SourceDate "2021.10.06"]
[SourceVersion "1"]
[SourceVersionDate "2021.10.06"]
[SourceQuality "1"]
[WhiteTeam "Erlangen Siemens"]
[BlackTeam "Nuernberg SK 1911"]
[WhiteTeamCountry "GER"]
[BlackTeamCountry "GER"]

1. d4 Nf6 2. c4 g6 3. Nc3 d5 4. cxd5 Nxd5 5. e4 Nxc3 6. bxc3 Bg7 7. Bb2 0-0 8. h3 c5 9. Nf3 Qa5 10. Be2 cxd4 11. Nxd4 Rd8 12. 0-0 e5 13. Nb3 Qc7 14. Qc1 Be6 15. Qe3 Nd7 16. Rac1 Bf8 17. Bg4 Bc4 18. Be2 Nb6 19. Rfd1 Bxe2 20. Qxe2 Nc4 21. Rd5 Rxd5 22. exd5 Rd8 23. Rd1 Nb6 24. Qb5 Qc4 25. Qxc4 Nxc4 26. Bc1 1/2-1/2